000 00630nam a2200241Ia 4500
003 OSt
005 20221007072748.0
006 a|||||r|||| 00| 0
007 ta
008 221006b |||||||| |||| 00| 0 eng d
024 _a24,985
037 _cTextual
040 _aFLL
_cFLL
_beng
041 _2eng
_aeng
082 _aZ3:11, G7
100 _aCairns Alexander
_9691324
245 0 _aLaw of the domestic relations
250 _a5th
260 _aLondon
_bSweet & Maxwell, Ltd. London
_c1937
300 _alv,1-884p
_ccm.
942 _hZ3:11, G7
_cTEXL
_2CC
999 _c1146914
_d1146914